Les sous-préfectures sans .... ou avec... (7) - Statistiques

Statistiques générales
  • Ce quiz a été pris 30 fois
  • Le résultat moyen est 54 sur 86
Statistiques - réponses
Ne termine pas part T mais avec la lettre T Réponse % Correct
Ne termine pas part T mais avec la lettre T Pontarlier
89%
Ne termine pas part T mais avec la lettre T Thionville
83%
Ne termine pas part T mais avec la lettre T Barcelonnette
78%
Ne termine pas part T mais avec la lettre T Castres
78%
Ne termine pas part T mais avec la lettre T Cherbourg-en-Cotentin
78%
Ne termine pas part T mais avec la lettre T Istres
78%
Ne termine pas part T mais avec la lettre T Saintes
78%
Ne termine pas part T mais avec la lettre T Saint-Nazaire
78%
Ne termine pas part T mais avec la lettre T Toul
78%
Ne termine pas part T mais avec la lettre T Argenteuil
72%
Ne termine pas part T mais avec la lettre T Châteaudun
72%
Ne termine pas part T mais avec la lettre T Montluçon
72%
Ne termine pas part T mais avec la lettre T Nantua
72%
Ne termine pas part T mais avec la lettre T Nogent-le-Rotrou
72%
Ne termine pas part T mais avec la lettre T Oloron-Sainte-Marie
72%
Ne termine pas part T mais avec la lettre T Saint-Denis
72%
Ne termine pas part T mais avec la lettre T Saint-Dié-des-Vosges
72%
Ne termine pas part T mais avec la lettre T Saint-Dié-des-Vosges
72%
Ne termine pas part T mais avec la lettre T Saint-Flour
72%
Ne termine pas part T mais avec la lettre T Saint-Gaudens
72%
Ne termine pas part T mais avec la lettre T Saint-Girons
72%
Ne termine pas part T mais avec la lettre T Autun
67%
Ne termine pas part T mais avec la lettre T Béthune
67%
Ne termine pas part T mais avec la lettre T Castelsarrasin
67%
Ne termine pas part T mais avec la lettre T Châteaulin
67%
Ne termine pas part T mais avec la lettre T Château-Thierry
67%
Ne termine pas part T mais avec la lettre T Corte
67%
Ne termine pas part T mais avec la lettre T Fontainebleau
67%
Ne termine pas part T mais avec la lettre T La Châtre
67%
Ne termine pas part T mais avec la lettre T Montbard
67%
Ne termine pas part T mais avec la lettre T Montbéliard
67%
Ne termine pas part T mais avec la lettre T Pithiviers
67%
Ne termine pas part T mais avec la lettre T Pontivy
67%
Ne termine pas part T mais avec la lettre T Rethel
67%
Ne termine pas part T mais avec la lettre T Saint-Amand-Montrond
67%
Ne termine pas part T mais avec la lettre T Saint-Dizier
67%
Ne termine pas part T mais avec la lettre T Saint-Dizier
67%
Ne termine pas part T mais avec la lettre T Saint-Julien-en-Genevois
67%
Ne termine pas part T mais avec la lettre T Saint-Malo
67%
Ne termine pas part T mais avec la lettre T Thann
67%
Ne termine pas part T mais avec la lettre T Albertville
61%
Ne termine pas part T mais avec la lettre T Carpentras
61%
Ne termine pas part T mais avec la lettre T Castellane
61%
Ne termine pas part T mais avec la lettre T Château-Chinon
61%
Ne termine pas part T mais avec la lettre T Château-Gontier-sur-Mayenne
61%
Ne termine pas part T mais avec la lettre T Coutances
61%
Ne termine pas part T mais avec la lettre T Étampes
61%
Ne termine pas part T mais avec la lettre T Largentière
61%
Ne termine pas part T mais avec la lettre T La Tour-du-Pin
61%
Ne termine pas part T mais avec la lettre T Mantes-la-Jolie
61%
Ne termine pas part T mais avec la lettre T Montbrison
61%
Ne termine pas part T mais avec la lettre T Montmorillon
61%
Ne termine pas part T mais avec la lettre T Montreuil-sur-Mer
61%
Ne termine pas part T mais avec la lettre T Nogent-sur-Seine
61%
Ne termine pas part T mais avec la lettre T Nontron
61%
Ne termine pas part T mais avec la lettre T Pointe-à-Pitre
61%
Ne termine pas part T mais avec la lettre T Saint-Claude
61%
Ne termine pas part T mais avec la lettre T Saint-Laurent-du-Maroni
61%
Ne termine pas part T mais avec la lettre T Saint-Paul
61%
Ne termine pas part T mais avec la lettre T Saint-Pierre
61%
Ne termine pas part T mais avec la lettre T Saint-Quentin
61%
Ne termine pas part T mais avec la lettre T Sarlat-la-Canéda
61%
Ne termine pas part T mais avec la lettre T Thiers
61%
Ne termine pas part T mais avec la lettre T Torcy
61%
Ne termine pas part T mais avec la lettre T Tournon-sur-Rhône
61%
Ne termine pas part T mais avec la lettre T Antony
56%
Ne termine pas part T mais avec la lettre T Fontenay-le-Comte
56%
Ne termine pas part T mais avec la lettre T Montargis
56%
Ne termine pas part T mais avec la lettre T Nogent-sur-Marne
56%
Ne termine pas part T mais avec la lettre T Saint-Jean-de-Maurienne
56%
Ne termine pas part T mais avec la lettre T Saint-Omer
56%
Ne termine pas part T mais avec la lettre T Thonon-les-Bains
56%
Ne termine pas part T mais avec la lettre T Altkirch
50%
Ne termine pas part T mais avec la lettre T Neufchâteau
50%
Ne termine pas part T mais avec la lettre T Saint-Georges
50%
Ne termine pas part T mais avec la lettre T Saint-Jean-d'Angély
50%
Ne termine pas part T mais avec la lettre T Sartène
50%
Ne termine pas part T mais avec la lettre T Vitry-le-François
50%
Ne termine pas part T mais avec la lettre T Argentan
44%
Ne termine pas part T mais avec la lettre T Montdidier
44%
Ne termine pas part T mais avec la lettre T Parthenay
44%
Ne termine pas part T mais avec la lettre T Mortagne-au-Perche
39%
Ne termine pas part T mais avec la lettre T Pontoise
39%
Ne termine pas part T mais avec la lettre T Saint-Germain-en-Laye
39%
Ne termine pas part T mais avec la lettre T La Trinité
33%
Ne termine pas part T mais avec la lettre T Florac Trois Rivières
22%
Aucun quiz correspondant
Distribution des résultats
% des personnes avec chaque résultat
Percentile par nombre de réponses
Votre historique - résultats
Vous n’avez pas pris ce quiz